[Event "DVM U12 2022"]
[Site "München GER"]
[Date "2022.12.28"]
[Round "3"]
[White "Krishnan, Vihaan"]
[Black "Glavev, Danail"]
[Result "0-1"]
[Termination "normal"]
[Board "5.2"]
[WhiteElo "1519"]
[BlackElo "1435"]
[WhiteClock "00:02:26"]
[BlackClock "00:18:24"]
[WhiteTeam "SC Kirchheim/Teck"]
[BlackTeam "SK Bad Homburg 1927"]
[PlyCount "70"]
[WhiteFideId "34633910"]
[BlackFideId "34610995"]
[EventCountry "GER"]
[EventRounds "7"]
[EventType "team-swiss"]
[EventDate "2022.12.26"]

1. e4 {[%clk 01:30:57]} {[%emt 00:00:02]} e5 {[%clk 01:30:57]} {[%emt
00:00:04]} 2. Nf3 {[%clk 01:31:20]} {[%emt 00:00:06]} Nc6 {[%clk 01:31:15]}
{[%emt 00:00:12]} 3. Bc4 {[%clk 01:31:39]} {[%emt 00:00:11]} Bc5 {[%clk
01:31:28]} {[%emt 00:00:18]} 4. c3 {[%clk 01:31:59]} {[%emt 00:00:10]} d6
{[%clk 01:31:17]} {[%emt 00:00:41]} 5. d4 {[%clk 01:31:05]} {[%emt 00:01:24]}
exd4 {[%clk 01:31:41]} {[%emt 00:00:07]} 6. cxd4 {[%clk 01:31:29]} {[%emt
00:00:06]} Bb4 {[%clk 01:32:04]} {[%emt 00:00:07]} 7. Nc3 {[%clk 01:24:40]}
{[%emt 00:07:19]} h6 {[%clk 01:24:38]} {[%emt 00:07:57]} 8. Be3 {[%clk
01:02:40]} {[%emt 00:22:29]} Nge7 {[%clk 01:22:50]} {[%emt 00:02:18]} 9. h3
{[%clk 00:55:23]} {[%emt 00:07:47]} O-O {[%clk 01:23:06]} {[%emt 00:00:13]} 10.
g4 {[%clk 00:49:19]} {[%emt 00:06:35]} d5 {[%clk 01:18:02]} {[%emt 00:05:35]}
11. exd5 {[%clk 00:32:24]} {[%emt 00:17:24]} Nxd5 {[%clk 01:18:19]} {[%emt
00:00:13]} 12. Qd2 {[%clk 00:25:03]} {[%emt 00:07:50]} Nxe3 {[%clk 01:14:54]}
{[%emt 00:03:55]} 13. fxe3 {[%clk 00:25:24]} {[%emt 00:00:09]} Na5 {[%clk
01:08:41]} {[%emt 00:06:43]} 14. Bd3 {[%clk 00:23:14]} {[%emt 00:04:53]} Be6
{[%clk 01:06:26]} {[%emt 00:00:31]} 15. Rg1 {[%clk 00:17:03]} {[%emt 00:06:41]}
Bd5 {[%clk 01:03:10]} {[%emt 00:03:44]} 16. e4 {[%clk 00:15:42]} {[%emt
00:01:53]} Re8 {[%clk 01:02:05]} {[%emt 00:01:36]} 17. Qf4 {[%clk 00:14:11]}
{[%emt 00:02:01]} f6 {[%clk 00:50:08]} {[%emt 00:12:26]} 18. h4 {[%clk
00:12:02]} {[%emt 00:02:39]} Qd7 {[%clk 00:41:16]} {[%emt 00:09:22]} 19. Kf2
{[%clk 00:10:36]} {[%emt 00:01:57]} Bc4 {[%clk 00:37:33]} {[%emt 00:04:12]} 20.
Bxc4 {[%clk 00:09:42]} {[%emt 00:01:24]} Nxc4 {[%clk 00:37:53]} {[%emt
00:00:10]} 21. g5 {[%clk 00:09:25]} {[%emt 00:00:47]} fxg5 {[%clk 00:34:48]}
{[%emt 00:03:36]} 22. Qh2 {[%clk 00:08:00]} {[%emt 00:01:54]} g4 {[%clk
00:33:51]} {[%emt 00:01:28]} 23. Nd5 {[%clk 00:07:20]} {[%emt 00:01:10]} Rf8
{[%clk 00:32:33]} {[%emt 00:01:47]} 24. Rg3 {[%clk 00:06:13]} {[%emt 00:01:36]}
Rxf3 {[%clk 00:30:24]} {[%emt 00:02:41]} 25. Rxf3 {[%clk 00:06:37]} {[%emt
00:00:05]} gxf3 {[%clk 00:30:49]} {[%emt 00:00:04]} 26. Rc1 {[%clk 00:06:25]}
{[%emt 00:00:42]} Nd2 {[%clk 00:29:47]} {[%emt 00:01:31]} 27. Qe5 {[%clk
00:03:08]} {[%emt 00:03:47]} Bd6 {[%clk 00:24:26]} {[%emt 00:05:52]} 28. Nf6
{[%clk 00:02:35]} {[%emt 00:08:30]} gxf6 {[%clk 00:23:03]} {[%emt 00:01:53]}
29. Rg1 {[%clk 00:02:54]} {[%emt 00:00:11]} Kh7 {[%clk 00:21:13]} {[%emt
00:02:20]} 30. Qh5 {[%emt 00:01:10]} Rg8 {[%clk 00:17:28]} {[%emt 00:04:13]}
31. Rxg8 {[%clk 00:01:59]} {[%emt 00:00:46]} Kxg8 {[%clk 00:17:29]} {[%emt
00:00:29]} 32. Qg6 {[%clk 00:01:33]} {[%emt 00:00:56]} Qg7 {[%clk 00:17:26]}
{[%emt 00:00:34]} 33. Qe8 {[%clk 00:01:55]} {[%emt 00:00:07]} Bf8 {[%clk
00:17:47]} {[%emt 00:00:09]} 34. Qe6 {[%clk 00:02:18]} {[%emt 00:00:08]} Kh8
{[%clk 00:18:02]} {[%emt 00:00:15]} 35. Qh3 {[%clk 00:02:26]} {[%emt 00:00:21]}
Qg2 {[%clk 00:18:24]} {[%emt 00:00:09]} 0-1

[Event "DVM U12 2022"]
[Site "München GER"]
[Date "2022.12.28"]
[Round "3"]
[White "Pflugbeil, Julian"]
[Black "Miede, Arthur"]
[Result "1-0"]
[Termination "normal"]
[Board "5.3"]
[WhiteElo "1214"]
[BlackElo "1208"]
[WhiteClock "01:28:15"]
[BlackClock "00:37:12"]
[WhiteTeam "SK Bad Homburg 1927"]
[BlackTeam "SC Kirchheim/Teck"]
[PlyCount "50"]
[WhiteFideId "34608850"]
[BlackFideId "34640495"]
[EventCountry "GER"]
[EventRounds "7"]
[EventType "team-swiss"]
[EventDate "2022.12.26"]

1. e4 {[%clk 01:30:59]} e5 {[%clk 01:30:48]} {[%emt 00:00:11]} 2. Nf3 {[%clk
01:31:26]} {[%emt 00:00:05]} Nf6 {[%clk 01:30:58]} {[%emt 00:00:19]} 3. d4
{[%clk 01:31:50]} {[%emt 00:00:07]} Nxe4 {[%clk 01:31:06]} {[%emt 00:00:22]} 4.
Bd3 {[%clk 01:32:09]} {[%emt 00:00:11]} d5 {[%clk 01:30:05]} {[%emt 00:01:31]}
5. Nxe5 {[%clk 01:32:32]} {[%emt 00:00:06]} Bd6 {[%clk 01:29:43]} {[%emt
00:00:52]} 6. Bf4 {[%clk 01:32:14]} {[%emt 00:00:49]} f6 {[%clk 01:29:43]}
{[%emt 00:00:30]} 7. Qh5 {[%clk 01:32:40]} {[%emt 00:00:05]} g6 {[%clk
01:26:35]} {[%emt 00:03:37]} 8. Nxg6 {[%clk 01:32:37]} {[%emt 00:00:32]} Kd7
{[%clk 01:23:07]} {[%emt 00:03:58]} 9. Bb5 {[%clk 01:32:29]} {[%emt 00:00:38]}
c6 {[%clk 01:20:21]} {[%emt 00:03:16]} 10. Nxh8 {[%clk 01:31:47]} {[%emt
00:01:13]} Qxh8 {[%clk 01:11:59]} {[%emt 00:08:52]} 11. Bxd6 {[%clk 01:31:30]}
{[%emt 00:00:46]} Nxd6 {[%clk 01:11:47]} {[%emt 00:00:42]} 12. Be2 {[%clk
01:31:29]} {[%emt 00:00:30]} Kc7 {[%clk 01:10:13]} {[%emt 00:02:05]} 13. Nc3
{[%clk 01:31:31]} {[%emt 00:00:29]} Bf5 {[%clk 01:08:00]} {[%emt 00:02:43]} 14.
O-O-O {[%clk 01:31:50]} {[%emt 00:00:11]} Qg7 {[%clk 01:05:19]} {[%emt
00:03:10]} 15. Bf3 {[%clk 01:30:38]} {[%emt 00:01:42]} Nd7 {[%clk 01:02:20]}
{[%emt 00:03:30]} 16. Rhe1 {[%clk 01:30:13]} {[%emt 00:00:55]} Bg6 {[%clk
00:58:50]} {[%emt 00:04:00]} 17. Qh4 {[%clk 01:28:45]} {[%emt 00:01:54]} Nf5
{[%clk 00:56:22]} {[%emt 00:03:01]} 18. Qf4 {[%clk 01:28:30]} {[%emt 00:00:43]}
Kd8 {[%clk 00:53:45]} {[%emt 00:03:08]} 19. g4 {[%clk 01:28:19]} {[%emt
00:00:41]} Ne7 {[%clk 00:47:20]} {[%emt 00:06:57]} 20. Rd2 {[%clk 01:28:19]}
{[%emt 00:00:27]} Nc8 {[%clk 00:46:19]} {[%emt 00:01:33]} 21. Rde2 {[%clk
01:28:10]} {[%emt 00:00:39]} Qg8 {[%clk 00:42:45]} {[%emt 00:04:04]} 22. g5
{[%clk 01:27:35]} {[%emt 00:01:05]} fxg5 {[%clk 00:39:59]} {[%emt 00:03:17]}
23. Qxg5 {[%clk 01:27:49]} {[%emt 00:00:16]} Kc7 {[%clk 00:38:47]} {[%emt
00:01:42]} 24. Qg3 {[%clk 01:28:15]} {[%emt 00:00:04]} Kd8 {[%clk 00:38:34]}
{[%emt 00:00:41]} 25. Re8 {[%emt 00:00:46]} Qxe8 {[%clk 00:37:12]} {[%emt
00:00:06]} 1-0

[Event "DVM U12 2022"]
[Site "München GER"]
[Date "2022.12.28"]
[Round "3"]
[White "Miede, Armin"]
[Black "Li, Xiao Teng"]
[Result "1/2-1/2"]
[Termination "normal"]
[Board "5.4"]
[WhiteElo "1079"]
[BlackElo "1293"]
[WhiteClock "00:37:25"]
[BlackClock "00:59:07"]
[WhiteTeam "SC Kirchheim/Teck"]
[BlackTeam "SK Bad Homburg 1927"]
[PlyCount "127"]
[WhiteFideId "34640487"]
[BlackFideId "34611053"]
[EventCountry "GER"]
[EventRounds "7"]
[EventType "team-swiss"]
[EventDate "2022.12.26"]

1. e4 {[%clk 01:30:58]} e5 {[%clk 01:30:39]} {[%emt 00:00:22]} 2. Nf3 {[%clk
01:31:17]} {[%emt 00:00:12]} Nc6 {[%clk 01:31:03]} {[%emt 00:00:06]} 3. Bc4
{[%clk 01:31:38]} {[%emt 00:00:08]} Bc5 {[%clk 01:31:28]} {[%emt 00:00:06]} 4.
c3 {[%clk 01:32:02]} {[%emt 00:00:06]} Nf6 {[%clk 01:31:51]} {[%emt 00:00:07]}
5. d3 {[%clk 01:32:00]} {[%emt 00:00:32]} O-O {[%clk 01:30:57]} {[%emt
00:01:24]} 6. Nbd2 {[%clk 01:32:02]} {[%emt 00:00:27]} d6 {[%clk 01:30:45]}
{[%emt 00:00:43]} 7. h3 {[%clk 01:31:27]} {[%emt 00:01:05]} a6 {[%clk
01:29:45]} {[%emt 00:01:30]} 8. Bb3 {[%clk 01:30:29]} {[%emt 00:01:26]} h6
{[%clk 01:27:32]} {[%emt 00:02:45]} 9. g4 {[%clk 01:30:16]} {[%emt 00:00:43]}
Nh7 {[%clk 01:20:02]} {[%emt 00:08:00]} 10. Nf1 {[%clk 01:28:26]} {[%emt
00:02:20]} Qf6 {[%clk 01:19:27]} {[%emt 00:01:04]} 11. Ng3 {[%clk 01:27:45]}
{[%emt 00:01:11]} Ng5 {[%clk 01:18:44]} {[%emt 00:01:13]} 12. Nf5 {[%clk
01:27:44]} {[%emt 00:00:31]} Bxf5 {[%clk 01:17:12]} {[%emt 00:02:01]} 13. exf5
{[%clk 01:27:51]} {[%emt 00:00:23]} Nh7 {[%clk 01:13:46]} {[%emt 00:03:56]} 14.
Be3 {[%clk 01:25:48]} {[%emt 00:02:32]} Rfe8 {[%clk 01:13:16]} {[%emt
00:01:00]} 15. Bd5 {[%clk 01:22:44]} {[%emt 00:03:34]} Rab8 {[%clk 01:09:11]}
{[%emt 00:04:36]} 16. Qd2 {[%clk 01:21:49]} {[%emt 00:01:25]} Ne7 {[%clk
01:09:19]} {[%emt 00:00:22]} 17. Bb3 {[%clk 01:16:24]} {[%emt 00:05:54]} Nc6
{[%clk 01:09:25]} {[%emt 00:00:25]} 18. Bc2 {[%clk 01:15:26]} {[%emt 00:01:27]}
Bxe3 {[%clk 01:09:01]} {[%emt 00:00:54]} 19. fxe3 {[%clk 01:15:41]} {[%emt
00:00:14]} d5 {[%clk 01:08:30]} {[%emt 00:01:03]} 20. O-O-O {[%clk 01:13:36]}
{[%emt 00:02:35]} e4 {[%clk 01:07:53]} {[%emt 00:01:07]} 21. Nd4 {[%clk
01:12:04]} {[%emt 00:02:02]} Nxd4 {[%clk 01:08:00]} {[%emt 00:00:22]} 22. cxd4
{[%clk 01:12:17]} {[%emt 00:00:17]} Ng5 {[%clk 01:08:02]} {[%emt 00:00:29]} 23.
h4 {[%clk 01:11:45]} {[%emt 00:01:02]} Nf3 {[%clk 01:08:16]} {[%emt 00:00:16]}
24. Qf2 {[%clk 01:11:53]} {[%emt 00:00:21]} b6 {[%clk 01:06:05]} {[%emt
00:02:42]} 25. dxe4 {[%clk 01:11:08]} {[%emt 00:01:14]} dxe4 {[%clk 01:06:15]}
{[%emt 00:00:21]} 26. Bxe4 {[%clk 01:11:28]} {[%emt 00:00:09]} Rxe4 {[%clk
01:05:53]} {[%emt 00:00:53]} 27. Qxf3 {[%clk 01:11:32]} {[%emt 00:00:25]} Rbe8
{[%clk 01:05:54]} {[%emt 00:00:29]} 28. Rde1 {[%clk 01:11:21]} {[%emt
00:00:41]} Qc6 {[%clk 01:06:03]} {[%emt 00:00:21]} 29. Kb1 {[%clk 01:09:11]}
{[%emt 00:02:40]} Qc4 {[%clk 01:06:02]} {[%emt 00:00:31]} 30. g5 {[%clk
01:00:25]} {[%emt 00:09:16]} Qd3 {[%clk 01:06:17]} {[%emt 00:00:15]} 31. Ka1
{[%clk 01:00:34]} Rxe3 {[%clk 01:06:17]} 32. Rxe3 {[%clk 01:00:34]} Rxe3 {[%clk
01:06:01]} {[%emt 00:01:48]} 33. Qa8 {[%clk 01:00:56]} Kh7 {[%emt 00:05:53]}
34. f6 {[%clk 00:56:08]} Rf3 {[%clk 01:06:39]} {[%emt 00:00:14]} 35. Rc1 {[%clk
00:54:17]} {[%emt 00:02:20]} Rf1 {[%clk 01:06:51]} {[%emt 00:00:19]} 36. Qc6
{[%clk 00:53:26]} {[%emt 00:01:21]} Rxc1 {[%clk 01:02:26]} {[%emt 00:08:34]}
37. Qxc1 {[%clk 00:53:37]} Qxd4 {[%clk 01:02:48]} 38. a3 {[%clk 00:37:14]}
{[%emt 00:13:41]} c5 {[%clk 01:02:59]} {[%emt 00:00:19]} 39. gxh6 {[%clk
00:37:18]} {[%emt 00:00:25]} g6 {[%clk 01:02:40]} {[%emt 00:00:49]} 40. Qf1
{[%clk 00:36:01]} {[%emt 00:01:47]} b5 {[%clk 01:02:08]} {[%emt 00:01:03]} 41.
h5 {[%clk 00:36:00]} {[%emt 00:00:31]} Kxh6 {[%clk 01:00:07]} {[%emt 00:02:32]}
42. hxg6 {[%clk 00:35:41]} {[%emt 00:00:47]} Kxg6 {[%clk 01:00:16]} {[%emt
00:00:21]} 43. Qg2 {[%clk 00:35:41]} {[%emt 00:00:30]} Kxf6 {[%clk 01:00:28]}
{[%emt 00:00:19]} 44. Qh2 {[%clk 00:35:32]} {[%emt 00:00:39]} Qd1 {[%clk
01:00:27]} {[%emt 00:00:31]} 45. Ka2 {[%clk 00:35:42]} {[%emt 00:00:20]} Qd5
{[%clk 01:00:34]} {[%emt 00:00:22]} 46. Kb1 {[%clk 00:35:44]} {[%emt 00:00:28]}
Qf5 {[%clk 01:00:57]} {[%emt 00:00:07]} 47. Ka1 {[%clk 00:35:32]} {[%emt
00:00:43]} Qf1 {[%clk 01:01:17]} {[%emt 00:00:09]} 48. Ka2 {[%clk 00:35:41]}
{[%emt 00:00:22]} Qc4 {[%clk 01:01:23]} {[%emt 00:00:24]} 49. Ka1 {[%clk
00:35:48]} {[%emt 00:00:23]} Qd4 {[%clk 01:01:14]} {[%emt 00:00:40]} 50. Qh6
{[%clk 00:35:31]} {[%emt 00:00:46]} Ke7 {[%clk 01:01:17]} {[%emt 00:00:27]} 51.
Qxa6 {[%clk 00:35:36]} {[%emt 00:00:25]} Qd1 {[%clk 01:01:16]} {[%emt
00:00:31]} 52. Ka2 {[%clk 00:35:47]} {[%emt 00:00:19]} Qd5 {[%clk 01:01:33]}
{[%emt 00:00:13]} 53. Ka1 {[%clk 00:36:01]} {[%emt 00:00:16]} Qh1 {[%clk
01:01:57]} {[%emt 00:00:05]} 54. Ka2 {[%clk 00:36:22]} {[%emt 00:00:10]} Qd5
{[%clk 01:02:08]} {[%emt 00:00:18]} 55. Ka1 {[%clk 00:36:43]} {[%emt 00:00:09]}
c4 {[%clk 01:01:41]} {[%emt 00:00:58]} 56. Qa7 {[%clk 00:36:42]} {[%emt
00:00:31]} Qd7 {[%clk 01:01:10]} {[%emt 00:01:01]} 57. Qe3 {[%clk 00:36:58]}
{[%emt 00:00:14]} Kd8 {[%clk 01:00:58]} {[%emt 00:00:42]} 58. Qb6 {[%clk
00:36:49]} {[%emt 00:00:38]} Ke8 {[%clk 00:59:20]} {[%emt 00:02:08]} 59. Qb8
{[%clk 00:36:31]} {[%emt 00:00:48]} Ke7 {[%clk 00:59:30]} {[%emt 00:00:21]} 60.
Qe5 {[%clk 00:36:47]} {[%emt 00:00:13]} Kf8 {[%clk 00:58:19]} {[%emt 00:01:41]}
61. Qh8 {[%clk 00:36:49]} {[%emt 00:00:28]} Ke7 {[%clk 00:58:41]} {[%emt
00:00:08]} 62. Qe5 {[%clk 00:37:08]} {[%emt 00:00:11]} Kd8 {[%clk 00:58:52]}
{[%emt 00:00:20]} 63. Qb8 {[%clk 00:37:27]} {[%emt 00:00:10]} Qc8 {[%clk
00:59:07]} {[%emt 00:00:14]} 64. Qxb5 {[%clk 00:37:25]} {[%emt 00:00:32]}
1/2-1/2

[Event "DVM U12 2022"]
[Site "München GER"]
[Date "2022.12.28"]
[Round "3"]
[White "Nguyen, Thanh An"]
[Black "Klein, Levent"]
[Result "0-1"]
[Termination "normal"]
[Board "6.1"]
[WhiteElo "1219"]
[BlackElo "1584"]
[WhiteClock "01:21:11"]
[BlackClock "00:42:26"]
[WhiteTeam "SV Dresden-Striesen 1990"]
[BlackTeam "SG Kaiserslautern 1905"]
[PlyCount "64"]
[WhiteFideId "34627804"]
[BlackFideId "34611274"]
[EventCountry "GER"]
[EventRounds "7"]
[EventType "team-swiss"]
[EventDate "2022.12.26"]

1. d4 {[%clk 01:30:58]} {[%emt 00:00:01]} e6 {[%clk 01:30:53]} {[%emt
00:00:07]} 2. c4 {[%clk 01:31:25]} {[%emt 00:00:04]} d5 {[%clk 01:30:57]}
{[%emt 00:00:25]} 3. Nc3 {[%clk 01:31:45]} {[%emt 00:00:08]} Bb4 {[%emt
00:00:51]} 4. Bd2 {[%clk 01:31:49]} {[%emt 00:00:24]} Ne7 {[%clk 01:30:37]}
{[%emt 00:00:32]} 5. e3 {[%clk 01:32:05]} {[%emt 00:00:14]} c5 {[%clk
01:28:02]} {[%emt 00:03:05]} 6. a3 {[%clk 01:31:30]} {[%emt 00:01:05]} Bxc3
{[%clk 01:27:16]} {[%emt 00:01:15]} 7. Bxc3 {[%clk 01:31:17]} {[%emt 00:00:44]}
cxd4 {[%clk 01:15:03]} {[%emt 00:12:43]} 8. Bxd4 {[%clk 01:30:54]} {[%emt
00:00:54]} O-O {[%clk 01:12:22]} {[%emt 00:03:10]} 9. Bd3 {[%clk 01:31:06]}
{[%emt 00:00:18]} Nbc6 {[%clk 01:07:47]} {[%emt 00:05:03]} 10. Nf3 {[%clk
01:30:54]} {[%emt 00:00:44]} Nxd4 {[%clk 01:06:42]} {[%emt 00:01:35]} 11. exd4
{[%clk 01:29:14]} {[%emt 00:02:10]} Ng6 {[%clk 01:03:37]} {[%emt 00:03:34]} 12.
O-O {[%clk 01:29:15]} {[%emt 00:00:30]} dxc4 {[%clk 01:03:28]} {[%emt
00:00:38]} 13. Bxc4 {[%clk 01:29:33]} {[%emt 00:00:13]} Qf6 {[%clk 01:02:45]}
{[%emt 00:01:12]} 14. Re1 {[%clk 01:29:33]} {[%emt 00:00:31]} b6 {[%clk
01:00:45]} {[%emt 00:02:30]} 15. Qb3 {[%clk 01:29:00]} {[%emt 00:00:59]} Bb7
{[%clk 01:00:23]} {[%emt 00:00:54]} 16. Bxe6 {[%clk 01:29:01]} {[%emt
00:00:30]} Bxf3 {[%clk 00:58:04]} {[%emt 00:02:49]} 17. gxf3 {[%clk 01:28:12]}
{[%emt 00:01:19]} fxe6 {[%clk 00:57:34]} {[%emt 00:01:01]} 18. Rxe6 {[%clk
01:28:29]} {[%emt 00:00:13]} Qf7 {[%clk 00:57:52]} {[%emt 00:00:11]} 19. d5
{[%clk 01:27:56]} {[%emt 00:01:04]} Qxf3 {[%clk 00:57:28]} {[%emt 00:00:53]}
20. Qxf3 {[%clk 01:26:54]} {[%emt 00:01:32]} Rxf3 {[%clk 00:57:46]} {[%emt
00:00:12]} 21. Rd1 {[%clk 01:27:19]} {[%emt 00:00:05]} Rd8 {[%clk 00:57:16]}
{[%emt 00:00:58]} 22. Kg2 {[%clk 01:26:17]} {[%emt 00:01:34]} Rf5 {[%clk
00:57:26]} {[%emt 00:00:19]} 23. d6 {[%clk 01:24:56]} {[%emt 00:01:52]} Rf6
{[%clk 00:57:36]} {[%emt 00:00:20]} 24. Rxf6 {[%clk 01:24:30]} {[%emt
00:00:56]} gxf6 {[%clk 00:57:57]} {[%emt 00:00:09]} 25. Kg3 {[%clk 01:24:52]}
{[%emt 00:00:09]} Kf7 {[%clk 00:56:37]} {[%emt 00:01:50]} 26. Rc1 {[%clk
01:24:47]} {[%emt 00:00:35]} Ke6 {[%clk 00:52:27]} {[%emt 00:04:39]} 27. Re1
{[%clk 01:23:01]} {[%emt 00:02:18]} Kxd6 {[%clk 00:52:41]} {[%emt 00:00:16]}
28. f4 {[%clk 01:22:57]} {[%emt 00:00:34]} Kc7 {[%clk 00:49:04]} {[%emt
00:04:07]} 29. Re2 {[%clk 01:23:11]} {[%emt 00:00:16]} Rd4 {[%clk 00:47:33]}
{[%emt 00:02:00]} 30. h4 {[%clk 01:23:21]} {[%emt 00:00:21]} Kd7 {[%clk
00:44:01]} {[%emt 00:04:02]} 31. Rf2 {[%clk 01:23:19]} {[%emt 00:00:33]} h5
{[%clk 00:44:05]} {[%emt 00:00:24]} 32. f5 {[%clk 01:21:11]} {[%emt 00:02:39]}
Rd3 {[%clk 00:42:26]} {[%emt 00:02:09]} 0-1